Hide and Seek - Countries #22 - Statistics

General Stats
  • This quiz has been taken 6 times
    3 since last reset
  • The average score is 15 of 16
Answer Stats
Answer % Correct
Andorra
100%
Austria
100%
Belarus
100%
Czech Republic
100%
Hungary
100%
Kosovo
100%
Liechtenstein
100%
Luxembourg
100%
North Macedonia
100%
San Marino
100%
Serbia
100%
Slovakia
100%
Switzerland
100%
Vatican City
100%
Moldova
67%
They're all landlocked European countries.
33%
No matching quizzes found
Score Distribution
Percent of People with Each Score
Percentile by Number Answered
Your Score History
You have not taken this quiz since the last reset